000 00650nam a22002412 4500
999 _c16841
_d16841
001 0000002390
003 OSt
005 20180621093529.0
008 070410s xx 000 0 eng d
020 _a1844806782
040 _aKABU
_cKABU
050 0 _aHF5667
_b.G73 2008
100 1 _aGray, Iain.
245 1 4 _aThe Audit process :
_bprinciples, practice and cases /
_cIain Gray, Stuart Manson.
250 _a4th ed.
260 _aLondon :
_bThomson,
_c2008.
300 _axxx, 809 p.
650 0 _aAuditing.
700 1 _aManson, Stuart.
908 _a070410
942 _2lcc
_cBK